Progress Wrestling Tag Team Champions - Statistics

General Stats
  • This quiz has been taken 10 times
    5 since last reset
  • The average score is 19 of 36
Answer Stats
Title Reigns Last Won Champion % Correct
1 2016 Pete Dunne
100%
2 2017 Trent Seven
100%
1 2016 Trent Seven
100%
2 2017 Tyler Bate
100%
1 2018 Will Ospreay
100%
1 2016 James Davis
80%
3 2019 James Drake
80%
1 2019 Jordan Devlin
80%
3 2019 Zack Gibson
80%
1 2022 Chuck Mambo
60%
1 2018 Jimmy Havoc
60%
2 2019 Kyle Fletcher
60%
1 2014 Mark Andrews
60%
2 2019 Mark Davis
60%
1 2018 Mark Haskins
60%
1 2018 Paul Robinson
60%
1 2019 Scotty Davis
60%
1 2022 TK Cooper
60%
2 2023 Charlie Sterling
40%
1 2022 Dan Moloney
40%
1 2014 Eddie Dennis
40%
1 2015 El Ligero
40%
1 2022 Man Like DeReiss
40%
1 2015 Nathan Cruz
40%
2 2023 Nick Riley
40%
1 2016 Rob Lynch
40%
1 2018 Bandido
20%
3 2018 Chris Brookes
20%
1 2015 Damon Moser
20%
1 2015 Danny Garnell
20%
1 2018 Flamita
20%
1 2021 Kid Lykos
20%
3 2018 Kid Lykos
20%
1 2021 Kid Lykos II
20%
1 2015 Michael Dante
20%
1 2015 Tommy End
20%
No matching quizzes found
Score Distribution
Percent of People with Each Score
Percentile by Number Answered
Your Score History
You have not taken this quiz since the last reset